| 000 | 00992nam a22002417a 4500 | ||
|---|---|---|---|
| 008 | 081201t xxu||||| |||| 00| 0 eng d | ||
| 010 | _aENG-91922 | ||
| 020 |
_a9788172734558 _c700.00 |
||
| 035 | _aEN-75455 | ||
| 037 | _bDBAD / PUB | ||
| 040 |
_adpl _bEnglish |
||
| 082 | _a301.153 | ||
| 100 | _aGangrade, K.D. , 1926- | ||
| 245 |
_aGandhian perspective on global interdependence, peace and role of professional social work / _cby K.D. Gangrade |
||
| 260 |
_aDelhi _bAuthorspress _c2008 |
||
| 270 |
_aE-35/103, Jawahar Park, Laxmi Nagar, _bDelhi _e110092 |
||
| 300 |
_axii, 263p. _c23cm (Hb) |
||
| 500 | _aIncluses index | ||
| 600 |
_aGandhi, Mahatma, 1869-1948 _xPhilosophy. |
||
| 600 |
_aGandhi, Mahatma, 1869-1948 _xPolitical and social views. |
||
| 942 |
_2ddc _cEN _mGAN _h301.153 |
||
| 999 |
_c19317 _d19317 |
||